Paroles - Reptilia, The Strokes - Statistiques

Statistiques générales
  • Ce quiz a été pris 12 fois
  • Le résultat moyen est 129 sur 189
Statistiques - réponses
Réponse % Correct
a
100%
I
100%
“I
100%
I’m
100%
me“
100%
me
100%
too
100%
you
100%
“You
100%
you,
100%
you“
100%
don’t
91%
fast
91%
in
91%
is
91%
of
91%
said
91%
the
91%
The
91%
by
82%
came
82%
down
82%
down,
82%
going
82%
He
82%
if
82%
know
82%
no
82%
not
82%
part
82%
so
82%
strange
82%
that
82%
this,
82%
this
82%
town
82%
was
82%
way
82%
you’re
82%
You’re
82%
boring“
73%
please
73%
story,
73%
“Tell
73%
enough
64%
hard
64%
her
64%
impressed
64%
insist
64%
now
64%
Now
64%
on
64%
seemed
64%
slow
64%
told
64%
us
64%
would
64%
afraid
55%
are
55%
fire
55%
for
55%
just
55%
our
55%
Our
55%
over,
55%
over
55%
room
55%
take
55%
trying
55%
world
55%
angry,
45%
at
45%
calm
45%
fixing
45%
hair
45%
look
45%
she’s
45%
sound
45%
thought
45%
as
36%
everytime
36%
myself
36%
off
36%
sleepy,
36%
Yeah,
36%
found
27%
leave
27%
night’s
27%
road
27%
road,
27%
laughing,
18%
longer
18%
taking
18%
wait
18%
changing
9%
drowning
9%
lanes,
9%
lives
9%
ran
9%
rying
0%
Aucun quiz correspondant
Distribution des résultats
% des personnes avec chaque résultat
Percentile par nombre de réponses
Votre historique - résultats
Vous n’avez pas pris ce quiz